000 00708nam a2200253Ia 4500
003 OSt
005 20220918221949.0
006 a|||||r|||| 00| 0
007 ta
008 220917b |||||||| |||| 00| 0 eng d
024 _a214,020
037 _cTextual
040 _aARTS
_cARTS
_beng
041 _2eng
_aeng
082 _aX:8b3, P3
100 _aMarquardt Michael J.
_918823
245 0 _aBuilding the learning organization
_b Mastering the 5 elements for corporate learning
250 _a2nd
260 _aMumbai
_bJaico pub. house
_c2003
300 _axx, 266 p
_ccm.
650 _aECONOMICS
942 _hX:8b3, P3
_cTEXL
_2CC
999 _c274093
_d274093